Central Library OPAC University of Rajshahi

The agricultural development of Mexico; (Record no. 3120)

MARC details
000 -LEADER
fixed length control field 01033cam a2200277 4500
001 - CONTROL NUMBER
control field 3120
003 - CONTROL NUMBER IDENTIFIER
rucl marc code BD-RjUL
005 - DATE AND TIME OF LATEST TRANSACTION
control field 20211208233659.0
008 - FIXED-LENGTH DATA ELEMENTS--GENERAL INFORMATION
fixed length control field 131218s1969 nyuab b 000 0 eng
035 ## - SYSTEM CONTROL NUMBER
System control number (BD-RjUL)3154
040 ## - CATALOGING SOURCE
Original cataloging agency DLC
Transcribing agency DLC
Modifying agency DLC
-- BD-RjUL
Language of cataloging eng
041 ## - LANGUAGE CODE
Language code of text/sound track or separate title eng
082 00 - DEWEY DECIMAL CLASSIFICATION NUMBER
Classification number 338.10972
Author mark and year VEA
100 1# - MAIN ENTRY--PERSONAL NAME
Personal name Venezian L., Eduardo.
9 (RLIN) 9887
245 14 - TITLE STATEMENT
Title The agricultural development of Mexico;
Remainder of title its structure and growth since 1950 /
Statement of responsibility, etc. [by] Eduardo L. Venezian [and] William K. Gamble. Foreword by Lowell S. Hardin.
260 ## - PUBLICATION, DISTRIBUTION, ETC. (IMPRINT)
Place of publication, distribution, etc. New York,
Name of publisher, distributor, etc. Praeger
Date of publication, distribution, etc. c1969.
300 ## - PHYSICAL DESCRIPTION
Pagination xxii, 281 p.:
Illustrations illus., maps.;
Size 25 cm.
490 0# - SERIES STATEMENT
Series statement Bench mark studies on agricultural development in Latin America, no. 2
Series statement Praeger special studies in international economics and development.
504 ## - BIBLIOGRAPHY, ETC. NOTE
Bibliography, etc Includes bibliographical references.
650 #0 - SUBJECT ADDED ENTRY--TOPICAL TERM
Topical term or geographic name as entry element Agriculture
Geographic subdivision Mexico
General subdivision History.
9 (RLIN) 9888
700 1# - ADDED ENTRY--PERSONAL NAME
Personal name Gamble, William K.,
Dates associated with a name 1920-
Relator term joint author.
942 ## - ADDED ENTRY ELEMENTS (KOHA)
Source of classification or shelving scheme Dewey Decimal Classification
Koha item type Books
Holdings
Lost status Source of classification or shelving scheme Damaged status Not for loan Collection code Permanent Location Current Location Shelving location Date acquired Source of acquisition Cost, normal purchase price Total Checkouts Full call number Date last seen Copy number Koha item type
  Dewey Decimal Classification   Not For Loan Non-fiction Central Library, University of Rajshahi Central Library, University of Rajshahi Reading Room 14/07/1970 Sweets & Zeitlinger 125.00   338.10972 VEA 1969 18/12/2013 C-1 Books